[Event "CHN-ch"]
[Site "Xinghua"]
[Date "2020.12.21"]
[Round "3"]
[White "Zhao, Jun"]
[Black "Zhang, Rui"]
[Result "1-0"]
[WhiteElo "2638"]
[BlackElo "1658"]
[PlyCount "185"]
[EventDate "2020.12.19"]
[EventType "tourn"]
[EventRounds "11"]
[EventCountry "CHN"]
[EventCategory "11"]
[SourceTitle "CBM 199 Extra"]
[Source "ChessBase"]
[SourceDate "2021.01.31"]
[SourceVersion "1"]
[SourceVersionDate "2021.01.31"]
[SourceQuality "1"]

1. d4 d5 2. c4 c6 3. Nf3 Nf6 4. Qc2 g6 5. Bf4 Bg7 6. e3 Bf5 7. Qb3 Qb6 8. Nc3 0-0 9. c5 Qxb3 10. axb3 Nbd7 11. h3 Ne4 12. b4 Rfe8 13. Ne2 e5 14. Nxe5 Nxe5 15. Bxe5 Bxe5 16. dxe5 Rxe5 17. Nd4 a6 18. g4 Bd7 19. Bd3 Rae8 20. Rg1 Kh8 21. Rd1 h6 22. Bxe4 Rxe4 23. Kd2 Bc8 24. Rg3 Kg7 25. Rdg1 Rh8 26. Kc3 h5 27. R3g2 Kf8 28. Kd3 Kg7 29. Rg3 Re5 30. R3g2 Re4 31. f3 Re5 32. Re2 hxg4 33. hxg4 Rh3 34. Rgg2 Rh1 35. Rh2 Rxh2 36. Rxh2 f6 37. Ne2 Re7 38. Nf4 Re8 39. Kd4 Re7 40. Ne2 Re8 41. Nc3 Rd8 42. Rg2 Kf7 43. g5 Bf5 44. gxf6 Kxf6 45. Rh2 Kg7 46. Ne2 Rd7 47. Kc3 Re7 48. Kd2 Re8 49. Nd4 Re7 50. Re2 Kf6 51. Rh2 Kg7 52. Ke2 Re8 53. Kf2 Re7 54. Rh1 Re8 55. Ke2 Re7 56. Kd2 Re8 57. Ne2 Re7 58. Ng3 Re8 59. Rh4 Kf6 60. Rh7 Re7 61. Rh8 Bb1 62. Ne2 Bf5 63. Nd4 Rf7 64. Ke2 Rc7 65. Kf2 Kg7 66. Rd8 Kf7 67. Kg3 Bc8 68. Kf4 Kf6 69. Rd6+ Kf7 70. Kg5 Re7 71. Rd8 Re5+ 72. Kf4 Re8 73. Rxe8 Kxe8 74. Ke5 Ke7 75. f4 Bg4 76. Nb3 Kd7 77. Kf6 Bf5 78. Nd4 Be4 79. Ne6 Ke8 80. Ng5 Bc2 81. Nf7 Kd7 82. Ne5+ Kc7 83. Nxg6 b6 84. Nf8 a5 85. Ne6+ Kb7 86. bxa5 bxa5 87. Nd4 Be4 88. Ke7 a4 89. f5 Ka6 90. f6 Bg6 91. Nxc6 Kb5 92. Ne5 Bh5 93. c6 1-0